<?xml version="1.0" encoding="UTF-8"?>
<collection xmlns="http://www.loc.gov/MARC21/slim">
 <record>
  <leader>03534ngm a2200613Ia 4500</leader>
  <controlfield tag="001">AAL9440</controlfield>
  <controlfield tag="005">20171108093904.0</controlfield>
  <controlfield tag="007">vd cvaizs</controlfield>
  <controlfield tag="008">171108p19991998cau110 e          vlpor d</controlfield>
  <datafield tag="999" ind1=" " ind2=" ">
   <subfield code="c">38554</subfield>
   <subfield code="d">38554</subfield>
  </datafield>
  <datafield tag="020" ind1=" " ind2=" ">
   <subfield code="a">0767835166</subfield>
  </datafield>
  <datafield tag="020" ind1=" " ind2=" ">
   <subfield code="a">9780767835169</subfield>
  </datafield>
  <datafield tag="040" ind1=" " ind2=" ">
   <subfield code="a">JED</subfield>
   <subfield code="c">JED</subfield>
   <subfield code="d">WCM</subfield>
   <subfield code="d">IBI</subfield>
   <subfield code="d">EMU</subfield>
   <subfield code="d">JED</subfield>
   <subfield code="d">XFF</subfield>
   <subfield code="d">RCS</subfield>
   <subfield code="d">OCLCQ</subfield>
   <subfield code="d">BTCTA</subfield>
   <subfield code="d">YDXCP</subfield>
   <subfield code="d">OCLCQ</subfield>
   <subfield code="d">JED</subfield>
   <subfield code="d">OCLCQ</subfield>
   <subfield code="d">AU@</subfield>
   <subfield code="d">OCLCQ</subfield>
   <subfield code="d">UBF</subfield>
   <subfield code="d">WIQ</subfield>
   <subfield code="d">RCS</subfield>
   <subfield code="d">IOG</subfield>
   <subfield code="d">MTG</subfield>
   <subfield code="d">LYU</subfield>
   <subfield code="d">MYG</subfield>
   <subfield code="d">BD-DhAAL</subfield>
  </datafield>
  <datafield tag="082" ind1="0" ind2="4">
   <subfield code="a">791.4372</subfield>
   <subfield code="2">22</subfield>
  </datafield>
  <datafield tag="245" ind1="0" ind2="0">
   <subfield code="a">Central Station</subfield>
   <subfield code="h">[videorecording] /</subfield>
   <subfield code="c">Sony Pictures Classics ; a co-production VideoFilmes/MACT Productions/Riofilme ; with the participation of Canal + ; The French Ministry of Culture ; and The Ministry of Foreign Relations ; with the support of the Sundance Institute and of N.H.K. ; an Arthur Cohn production ; a film by Walter Salles ; screenplay, Joô Emanuel Carneiro, Marcos Bernstein ; produced by Arthur Cohn and Martine de Clermont-Tonnerre ; directed by Walter Salles.</subfield>
  </datafield>
  <datafield tag="246" ind1="3" ind2="1">
   <subfield code="a">Central do Brasil</subfield>
  </datafield>
  <datafield tag="260" ind1=" " ind2=" ">
   <subfield code="a">Culver City, Calif. :</subfield>
   <subfield code="b">Columbia TriStar Home Video,</subfield>
   <subfield code="c">c1999.</subfield>
  </datafield>
  <datafield tag="300" ind1=" " ind2=" ">
   <subfield code="a">1 videodisc (110 min.) :</subfield>
   <subfield code="b">sd., col. ;</subfield>
   <subfield code="c">4 3/4 in.</subfield>
  </datafield>
  <datafield tag="500" ind1=" " ind2=" ">
   <subfield code="a">Originally released in 1998.</subfield>
  </datafield>
  <datafield tag="505" ind1="0" ind2=" ">
   <subfield code="a">Special features: Audio commentary by Authur Cohn (producer), Fernanda Montenegro (lead actress) and Walter Salles (director) ; theatrical trailer ; talent biographies &amp; filmographies (Walter Salles, Fernanda Montenegro, Marilia Pera, Vinicius de Oliveira).</subfield>
  </datafield>
  <datafield tag="508" ind1=" " ind2=" ">
   <subfield code="a">Director of photography, Walter Carvalho ; editors, Isabella Rathery, Felipe Lacorda ; music, Antonio Pinto, Jaques Morelembaum.</subfield>
  </datafield>
  <datafield tag="511" ind1="1" ind2=" ">
   <subfield code="a">Fernanda Montenegro, Marl̕ia Pr̊a, Vinc̕ius de Oliveira.</subfield>
  </datafield>
  <datafield tag="520" ind1=" " ind2=" ">
   <subfield code="a">When a young boy witnesses his mother's accidental death, a lonely, retired school-teacher reluctantly takes the child under her wing.</subfield>
  </datafield>
  <datafield tag="538" ind1=" " ind2=" ">
   <subfield code="a">DVD, NTSC, region 1; widescreen presentation ; Dolbly Digital stereo.</subfield>
  </datafield>
  <datafield tag="546" ind1=" " ind2=" ">
   <subfield code="a">Portuguese language soundtrack (stereo) with English subtitles ; closed-captioned in English.</subfield>
  </datafield>
  <datafield tag="586" ind1=" " ind2=" ">
   <subfield code="a">Golden Globe: Best foreign language film.</subfield>
  </datafield>
  <datafield tag="650" ind1=" " ind2="0">
   <subfield code="a">Homeless children</subfield>
   <subfield code="z">Brazil</subfield>
   <subfield code="z">Rio de Janeiro</subfield>
   <subfield code="v">Drama.</subfield>
   <subfield code="9">23646</subfield>
  </datafield>
  <datafield tag="650" ind1=" " ind2="0">
   <subfield code="a">Homeless children</subfield>
   <subfield code="x">Travel</subfield>
   <subfield code="z">Brazil</subfield>
   <subfield code="v">Drama.</subfield>
   <subfield code="9">23647</subfield>
  </datafield>
  <datafield tag="650" ind1=" " ind2="0">
   <subfield code="a">Retired teachers</subfield>
   <subfield code="z">Brazil</subfield>
   <subfield code="z">Rio de Janeiro</subfield>
   <subfield code="v">Drama.</subfield>
   <subfield code="9">23648</subfield>
  </datafield>
  <datafield tag="650" ind1=" " ind2="0">
   <subfield code="a">Retired teachers</subfield>
   <subfield code="x">Travel</subfield>
   <subfield code="z">Brazil</subfield>
   <subfield code="v">Drama.</subfield>
   <subfield code="9">23649</subfield>
  </datafield>
  <datafield tag="650" ind1=" " ind2="0">
   <subfield code="a">Railroad stations</subfield>
   <subfield code="z">Brazil</subfield>
   <subfield code="z">Rio de Janeiro</subfield>
   <subfield code="v">Drama.</subfield>
   <subfield code="9">23650</subfield>
  </datafield>
  <datafield tag="651" ind1=" " ind2="0">
   <subfield code="a">Rio de Janeiro (Brazil)</subfield>
   <subfield code="v">Drama.</subfield>
   <subfield code="9">23651</subfield>
  </datafield>
  <datafield tag="655" ind1=" " ind2="0">
   <subfield code="a">Feature films.</subfield>
   <subfield code="9">23652</subfield>
  </datafield>
  <datafield tag="655" ind1=" " ind2="0">
   <subfield code="a">Fiction films.</subfield>
   <subfield code="9">23653</subfield>
  </datafield>
  <datafield tag="655" ind1=" " ind2="0">
   <subfield code="a">Films for the hearing impaired.</subfield>
   <subfield code="9">23654</subfield>
  </datafield>
  <datafield tag="700" ind1="1" ind2=" ">
   <subfield code="a">Salles, Walter.</subfield>
   <subfield code="9">23655</subfield>
  </datafield>
  <datafield tag="700" ind1="1" ind2=" ">
   <subfield code="a">Cohn, Arthur,</subfield>
   <subfield code="d">1928-</subfield>
   <subfield code="9">23656</subfield>
  </datafield>
  <datafield tag="700" ind1="1" ind2=" ">
   <subfield code="a">Carneiro, Joô Emanuel.</subfield>
   <subfield code="9">23657</subfield>
  </datafield>
  <datafield tag="700" ind1="1" ind2=" ">
   <subfield code="a">Bernstein, Marcos,</subfield>
   <subfield code="d">1970-</subfield>
   <subfield code="9">23658</subfield>
  </datafield>
  <datafield tag="700" ind1="1" ind2=" ">
   <subfield code="a">Clermont-Tonnerre, Martine de.</subfield>
   <subfield code="9">23659</subfield>
  </datafield>
  <datafield tag="700" ind1="1" ind2=" ">
   <subfield code="a">Montenegro, Fernanda.</subfield>
   <subfield code="9">23660</subfield>
  </datafield>
  <datafield tag="700" ind1="1" ind2=" ">
   <subfield code="a">Pr̊a, Marl̕ia.</subfield>
   <subfield code="9">23661</subfield>
  </datafield>
  <datafield tag="700" ind1="1" ind2=" ">
   <subfield code="a">Oliveira, Vinc̕ius de.</subfield>
   <subfield code="9">23662</subfield>
  </datafield>
  <datafield tag="710" ind1="2" ind2=" ">
   <subfield code="a">Sony Pictures Classics (Firm)</subfield>
   <subfield code="9">23663</subfield>
  </datafield>
  <datafield tag="710" ind1="2" ind2=" ">
   <subfield code="a">Mact Productions.</subfield>
   <subfield code="9">23664</subfield>
  </datafield>
  <datafield tag="710" ind1="2" ind2=" ">
   <subfield code="a">VideoFilmes (Firm)</subfield>
   <subfield code="9">23665</subfield>
  </datafield>
  <datafield tag="710" ind1="2" ind2=" ">
   <subfield code="a">RIOFILME (Organization)</subfield>
   <subfield code="9">23666</subfield>
  </datafield>
  <datafield tag="710" ind1="2" ind2=" ">
   <subfield code="a">Studio Canal+.</subfield>
   <subfield code="9">23667</subfield>
  </datafield>
  <datafield tag="710" ind1="1" ind2=" ">
   <subfield code="a">France.</subfield>
   <subfield code="b">Ministr̈e de la culture.</subfield>
   <subfield code="9">23668</subfield>
  </datafield>
  <datafield tag="710" ind1="2" ind2=" ">
   <subfield code="a">Sundance Institute.</subfield>
   <subfield code="9">23669</subfield>
  </datafield>
  <datafield tag="710" ind1="2" ind2=" ">
   <subfield code="a">Nihon Hoso Kyokai.</subfield>
   <subfield code="9">23670</subfield>
  </datafield>
  <datafield tag="710" ind1="2" ind2=" ">
   <subfield code="a">Columbia TriStar Home Video (Firm)</subfield>
   <subfield code="9">23671</subfield>
  </datafield>
  <datafield tag="942" ind1=" " ind2=" ">
   <subfield code="2">ddc</subfield>
   <subfield code="c">AV</subfield>
  </datafield>
  <datafield tag="952" ind1=" " ind2=" ">
   <subfield code="0">0</subfield>
   <subfield code="1">0</subfield>
   <subfield code="2">ddc</subfield>
   <subfield code="4">0</subfield>
   <subfield code="6">791_437200000000000_CEN</subfield>
   <subfield code="7">0</subfield>
   <subfield code="9">61828</subfield>
   <subfield code="a">SCL</subfield>
   <subfield code="b">SCL</subfield>
   <subfield code="c">AV</subfield>
   <subfield code="d">2017-11-08</subfield>
   <subfield code="g">70.00</subfield>
   <subfield code="l">0</subfield>
   <subfield code="o">791.4372 CEN</subfield>
   <subfield code="p">4020009440</subfield>
   <subfield code="r">2017-11-08</subfield>
   <subfield code="t">1</subfield>
   <subfield code="w">2017-11-08</subfield>
   <subfield code="y">AV</subfield>
  </datafield>
 </record>
</collection>
